| 000 | 03375nam a22003017a 4500 | ||
|---|---|---|---|
| 003 | DO-SdBNP | ||
| 005 | 20250509140829.0 | ||
| 007 | ta | ||
| 008 | 210910b2017 ||||| |||| 00| 0 spa d | ||
| 020 | _a978-9945-423-40-2 | ||
| 040 |
_aDO-SdBNP _bspa _cBNPHU |
||
| 082 | 4 |
_a658 _bJ82c _222 |
|
| 111 | 2 |
_aJornada Científica Universidad-Empresa-Desarrollo _n(2. : _d2015 : _cSanto Domingo) _980149 |
|
| 245 |
_aSegunda Jornada Científica Universidad-Empresa-Desarrollo 2015 : _bprofesores gestando conocimiento / _ccoordinación Aída Roca, Maías Bosch, Edgar Peña. |
||
| 260 |
_aSanto Domingo : _bUniversidad APEC, _c2017. |
||
| 300 |
_a460 p. : _bil. ; _c24 cm |
||
| 500 | _aIncluye referencias bibliográficas y notas al pie de las páginas | ||
| 505 | 0 | _aCaracterización del intercambio formal e informal entre la República Dominicana y la República de Haití: 2007-2013 13 -- El cuadro de mando integral y la revisión de las crisis de desempeño empresarial: una aplicación empírica en las empresas distribuidores de electricidad de la República Dominicana 49 -- Factores de riesgo exógeno de las empresas dominicanas y rentabilidad sectorial ajustada al riesgo: un estudio de datos de panel 97 -- Redes convergentes ópticas hacia una inteligencia de negocios. Caso de estudio: empresa de transmisión eléctrica dominicana (ETED) 145 -- Una alianza para aumentar la competitividad y el desarrollo humano: las universidades y las empresas culturales 179 -- Modelo de desarrollo económico y deuda pública de República Dominicana. Conceptos sobre el cambio y las reformas necesarias 221 -- Uso de las herramientas de simulación en UNAPEC para el desarrollo de capacidades gerenciales orientadas a la productividad y a los negocios 259 -- La inclusión del mLearning en la práctica pedagógica de los docentes de la Universidad APEC 285 -- La formación y desarrollo de la competencia gestionar conocimientos, una responsabilidad social de las instituciones universitarias, hacia la competitividad organizacional local e internacional 321 -- Peer coaching, una estrategia para aumentar la productividad empresarial. Caso práctico de la escuela de idiomas de UNAPEC 345 -- Diseño en el aula de una campaña institucional aplicada al aprendizaje basado en proyectos, en la asignatura publicidad II (ART-162): relevancia para la formación de competencias y habilidades de negocios en marketing y comunicación 359 -- Estudio de oportunidades de las monedas virtuales como medio de pago en República Dominicana. El caso de la empresa Host.do 385 -- Legislación penal nacional e internacional en la protección de los derechos de niños, niñas y adolescentes en condición de víctimas invisibles, con padres o tutores privados de libertad. Un análisis exploratorio de conceptos fundamentales y legislación comparada 421 | |
| 590 | _aInventariado, 2021 / DG | ||
| 650 | 4 |
_aAdministración de empresarias _zRepública Dominicana _vCongresos, conferencias, etc. _979830 |
|
| 650 | 4 |
_aPlanificación empresarial _vCongresos, conferencias, etc. _980150 |
|
| 650 | 0 |
_aTecnología educativa _918772 |
|
| 651 | 4 |
_aRepública Dominicana _xCondiciones económicas _vCongresos, conferencias, etc. _97000 |
|
| 700 |
_aBosch, Matias, _ecoord. _972665 |
||
| 700 | 1 |
_aPeña, Edgar, _ecoord. _979832 |
|
| 910 | _aD/G/Validado. Control de calidad MFF | ||
| 942 |
_2ddc _cLBS1 |
||
| 999 |
_c50473 _d50473 |
||